000 00514nam a2200181Ia 4500
008 090122s9999 xx 000 0 und d
082 _b12805
100 _aविश्वासराव
_bमंगेश
245 _aफिलर
260 _bप्रसाद
_c1997
300 _a120
501 _aदेणगी - श्री खरे
600 _aविश्वासराव
630 _aफिलर
700 _aविश्वासराव
730 _aफिलर
942 _cBOOK
999 _c36882
_d36882